000 00682nam a22002297a 4500
003 MX-MxUPN
005 20240419165022.0
008 240419s1974 |||a|||ar|||| 000 j fre d
020 _a2218027848
040 _aMX-MxUPN
_bspa
041 0 _afre
050 4 _aPZ24.9
_bT68 1974
100 1 _951659
_aTouvay, Dessins de
245 1 0 _aLa pompe a essence
260 _a[Lugar de publicación no identificado] :
_bHatier,
_cc1974
300 _a14 páginas :
_bilustraciones a color
490 0 _aBabi livre
650 0 _951662
_aGasolineras
_vLiteratura infantil
650 0 _98588
_aCuentos infantiles franceses
902 _bVíctorGodínez/190424
942 _2lcc
_cLIBRO
999 _c211126
_d211126